| 000 | 00862nam a22002297a 4500 | ||
|---|---|---|---|
| 999 |
_c16736 _d16736 |
||
| 003 | AR-CdUCM | ||
| 008 | 190504b ||||| |||| 00| 0 spa d | ||
| 040 |
_aMUNICIPALIDAD PROVINCIAL DEL CUSCO _cBIBLIOTECA MUNICIPAL DEL CUSCO |
||
| 082 |
_23ed. _a137 / _bR77 |
||
| 100 |
_aRohracher, H. _936350 |
||
| 245 | _aIntroducción a la caracterología / | ||
| 260 |
_aBuenos Aire : _bLosada, _c1959. |
||
| 300 |
_a207 páginas ; _c20 cm. |
||
| 440 |
_aBiblioteca del maestro _931034 |
||
| 505 | _aContenido : Los caracteres generales de la investigación científica del carácter -- Sistemas de carácter fundadas científicamente -- La tipología de E. R. Jaensch ... | ||
| 650 |
_aIntroducción _920612 |
||
| 650 |
_aCarácter _916709 |
||
| 650 |
_aPsicología _91538 |
||
| 700 |
_aLuzuriaga, Lorenzo _96575 |
||
| 942 |
_2ddc _cLIBROS |
||
| 945 |
_arah _d04/05/2019 |
||